<?xml version="1.0" encoding="UTF-8"?>
<record
    xmlns:xsi="http://www.w3.org/2001/XMLSchema-instance"
    xsi:schemaLocation="http://www.loc.gov/MARC21/slim http://www.loc.gov/standards/marcxml/schema/MARC21slim.xsd"
    xmlns="http://www.loc.gov/MARC21/slim">

  <leader>00947nam2a2200205   4500</leader>
  <controlfield tag="001">RU\NLR\PER_A\002942690_002600</controlfield>
  <controlfield tag="005">20250624052926.0</controlfield>
  <datafield tag="035" ind1=" " ind2=" ">
    <subfield code="a">(NLR Aleph) 012506012</subfield>
  </datafield>
  <datafield tag="090" ind1=" " ind2=" ">
    <subfield code="a">12252434</subfield>
    <subfield code="c">12252434</subfield>
  </datafield>
  <datafield tag="100" ind1=" " ind2=" ">
    <subfield code="a">20210419d2021    |||y0rusy50      ca</subfield>
  </datafield>
  <datafield tag="101" ind1="0" ind2=" ">
    <subfield code="a">rus</subfield>
  </datafield>
  <datafield tag="102" ind1=" " ind2=" ">
    <subfield code="a">RU</subfield>
  </datafield>
  <datafield tag="200" ind1="0" ind2=" ">
    <subfield code="a">2021, &#x2116; 1/2 (170)</subfield>
  </datafield>
  <datafield tag="210" ind1=" " ind2=" ">
    <subfield code="d">2021</subfield>
    <subfield code="a">&#x411;. &#x43C;.</subfield>
  </datafield>
  <datafield tag="461" ind1=" " ind2="0">
    <subfield code="1">001RU\NLR\Per\694896</subfield>
    <subfield code="1">2001#$a&#x422;&#x435;&#x445;&#x41D;&#x430;&#x434;&#x437;&#x43E;&#x440;$e&#x438;&#x43D;&#x444;&#x43E;&#x440;&#x43C;&#x430;&#x446;&#x438;&#x43E;&#x43D;&#x43D;&#x43E;-&#x43A;&#x43E;&#x43D;&#x441;&#x443;&#x43B;&#x44C;&#x442;&#x430;&#x442;&#x438;&#x432;&#x43D;&#x43E;&#x435; &#x438;&#x437;&#x434;&#x430;&#x43D;&#x438;&#x435; &#x43F;&#x43E; &#x43F;&#x440;&#x43E;&#x43C;&#x44B;&#x448;&#x43B;&#x435;&#x43D;&#x43D;&#x43E;&#x439; &#x438; &#x44D;&#x43A;&#x43E;&#x43B;&#x43E;&#x433;&#x438;&#x447;&#x435;&#x441;&#x43A;&#x43E;&#x439; &#x431;&#x435;&#x437;&#x43E;&#x43F;&#x430;&#x441;&#x43D;&#x43E;&#x441;&#x442;&#x438;$v2021, &#x2116; 1/2 (170)</subfield>
    <subfield code="9">3814170</subfield>
    <subfield code="c">&#x415;&#x43A;&#x430;&#x442;&#x435;&#x440;&#x438;&#x43D;&#x431;&#x443;&#x440;&#x433;</subfield>
    <subfield code="d">2008 -</subfield>
    <subfield code="n">[&#x431;. &#x438;.]</subfield>
    <subfield code="o">&#x438;&#x43D;&#x444;&#x43E;&#x440;&#x43C;&#x430;&#x446;&#x438;&#x43E;&#x43D;&#x43D;&#x43E;-&#x43A;&#x43E;&#x43D;&#x441;&#x443;&#x43B;&#x44C;&#x442;&#x430;&#x442;&#x438;&#x432;&#x43D;&#x43E;&#x435; &#x438;&#x437;&#x434;&#x430;&#x43D;&#x438;&#x435; &#x43F;&#x43E; &#x43F;&#x440;&#x43E;&#x43C;&#x44B;&#x448;&#x43B;&#x435;&#x43D;&#x43D;&#x43E;&#x439; &#x438; &#x44D;&#x43A;&#x43E;&#x43B;&#x43E;&#x433;&#x438;&#x447;&#x435;&#x441;&#x43A;&#x43E;&#x439; &#x431;&#x435;&#x437;&#x43E;&#x43F;&#x430;&#x441;&#x43D;&#x43E;&#x441;&#x442;&#x438;</subfield>
    <subfield code="t">&#x422;&#x435;&#x445;&#x41D;&#x430;&#x434;&#x437;&#x43E;&#x440;</subfield>
    <subfield code="v">2021, &#x2116; 1/2 (170)</subfield>
  </datafield>
  <datafield tag="852" ind1=" " ind2=" ">
    <subfield code="a">NLR</subfield>
    <subfield code="j">&#x41F;11/5673</subfield>
  </datafield>
  <datafield tag="942" ind1=" " ind2=" ">
    <subfield code="c">ISSUE</subfield>
  </datafield>
  <datafield tag="980" ind1=" " ind2=" ">
    <subfield code="a">NB</subfield>
  </datafield>
  <datafield tag="980" ind1=" " ind2=" ">
    <subfield code="a">RUSPER</subfield>
  </datafield>
</record>
